000 01003nmm a2200313 a 4500
001 ocm000891609
003 TR-IsHL
005 20201028144531.0
008 141121s2012 tu tur
007 cr cn
020 _a9786056204791
035 _a891609
_b(N$T)
050 0 4 _aBF531
_b.K35 2012
090 0 4 _aBF531
_b.K35 2012
100 1 _aKalyoncu, Hamdi
245 1 0 _aMutluluk için duygu eğitimi
_h[electronic resource] /
_cHamdi Kalyoncu ; editör Çağla Erboğa
250 _a2. bsk.
260 _aİstanbul :
_bYediveren Yayınları,
_c2012
300 _a159 p.
650 4 _aFelsefe, Psikoloji ve Din
650 4 _aPhilosophy, Psychology and Religion
650 0 _aMutluluk
650 0 _aHappiness
650 0 _aDuygular (Psikoloji)
650 0 _aEmotions (Psychology)
650 7 _aSELF-HELP / Personal Growth / Happiness
_2bisacsh
700 1 _aErboğa, Çağla
856 4 0 _uhttp://search.ebscohost.com/login.aspx?direct=true&scope=site&db=e011xww&AN=891609
999 _c9475
_d9475